000 00527nam a2200157Ia 4500
008 090122s9999 xx 000 0 und d
082 _b2151
_a920.71
100 _aदेवगिरीकर
_bत्र्यं
_c
245 _aगोपाळ कृष्ण गोखले
300 _a159
600 _aदेवगिरीकर
630 _aगोपाळ कृष्ण गोखले
700 _aदेवगिरीकर
730 _aगोपाळ कृष्ण गोखले
942 _cBOOK
999 _c26229
_d26229